000
00292nam a22001337a 4500
003
SGT
082
_a
617.3
_b
C75W
100
_a
Weiss, Earle B.
245
_a
Clinical Symposia
_b
Bronchial Asthma
260
_b
C.I.B.A.
_c
1975
300
_a
72
653
_a
Bronchial Asthma
942
_2
ddc
_c
RARE
999
_c
33139
_d
33139